[Event "Villa Ballester op 69th"]
[Site "Villa Ballester"]
[Date "2019.01.20"]
[Round "4"]
[White "Anelli, Antonio"]
[Black "Silva, Lucas"]
[Result "1/2-1/2"]
[WhiteElo "2085"]
[BlackElo "2091"]
[PlyCount "97"]
[EventDate "2019.01.16"]
[EventType "swiss"]
[EventRounds "9"]
[EventCountry "ARG"]
[SourceTitle "CBM 188 Extra"]
[Source "ChessBase"]
[SourceDate "2019.02.26"]
[SourceVersion "1"]
[SourceVersionDate "2019.02.26"]
[SourceQuality "1"]

1. Nf3 f5 2. d4 Nf6 3. c4 g6 4. Nc3 Bg7 5. Bf4 0-0 6. e3 b6 7. Bd3 Bb7 8. Qe2 d6 9. 0-0-0 Nh5 10. h4 Qe8 11. d5 Na6 12. Nb5 Rc8 13. Nfd4 c6 14. Nxc6 Bxc6 15. dxc6 Rxc6 16. Kb1 Nc7 17. Bh2 Nxb5 18. cxb5 Rc5 19. f3 f4 20. Bc4+ Kh8 21. Bd3 Qd7 22. Rc1 e6 23. Rhd1 d5 24. e4 Rfc8 25. exd5 exd5 26. Bg1 Rxc1+ 27. Rxc1 Rxc1+ 28. Kxc1 Bf6 29. Bf2 Ng7 30. Qd2 Ne6 31. h5 Qc7+ 32. Kb1 Qe5 33. hxg6 hxg6 34. Qe2 Qxe2 35. Bxe2 Bd4 36. Be1 Kg7 37. Kc2 Kf6 38. b4 Ke5 39. Kd3 Nc7 40. a4 g5 41. Bd2 Ne8 42. Be1 Nd6 43. g4 Be3 44. Bc3+ d4 45. Bb2 Kd5 46. Bd1 Ke5 47. Bc2 Nc8 48. Kc4 Nd6+ 49. Kd3 1/2-1/2

[Event "Buenos Aires Szmetan Giardelli op"]
[Site "Buenos Aires"]
[Date "2018.12.04"]
[Round "1"]
[White "Dolezal, Cristian"]
[Black "Anelli, Antonio"]
[Result "1-0"]
[WhiteElo "2384"]
[BlackElo "2048"]
[PlyCount "103"]
[EventDate "2018.12.04"]
[EventType "swiss"]
[EventRounds "9"]
[EventCountry "ARG"]
[SourceTitle "CBM 187 Extra"]
[Source "ChessBase"]
[SourceDate "2018.11.04"]
[SourceVersion "1"]
[SourceVersionDate "2018.11.04"]
[SourceQuality "1"]

1. d4 Nf6 2. Nc3 d6 3. e4 Nbd7 4. g4 h6 5. h3 e5 6. Nge2 Be7 7. Bg2 c6 8. Be3 Qc7 9. 0-0 g5 10. Ng3 Nf8 11. Nf5 Ng6 12. dxe5 dxe5 13. Nxe7 Qxe7 14. Qd2 Be6 15. Rfd1 Nd7 16. Ne2 Nf4 17. Ng3 Nb6 18. b3 0-0 19. f3 Nd7 20. Qf2 b6 21. Bf1 Rfd8 22. h4 Nf8 23. h5 Rxd1 24. Rxd1 Rd8 25. Rxd8 Qxd8 26. Qe1 Qd6 27. a4 Nd7 28. Kf2 Kh7 29. Qc3 Nb8 30. b4 Nd7 31. a5 c5 32. Qd2 Qxd2+ 33. Bxd2 cxb4 34. Bxb4 bxa5 35. Bxa5 Nb6 36. Ba6 Kg7 37. Bb4 f6 38. Bd6 Nd7 39. Ke3 Kf7 40. c4 Ng2+ 41. Kf2 Nf4 42. c5 Kg7 43. Nf5+ Kh7 44. Ne7 Bb3 45. c6 Nb6 46. c7 Be6 47. c8Q Bxc8 48. Nxc8 Nxc8 49. Bxc8 Kg7 50. Ke3 a5 51. Bd7 Ng2+ 52. Kd2 1-0

[Event "ARG-ch sf 93rd"]
[Site "Buenos Aires"]
[Date "2018.05.25"]
[Round "7"]
[White "Anelli, Antonio"]
[Black "Colombo Berra, Pablo"]
[Result "1-0"]
[WhiteElo "2076"]
[BlackElo "1771"]
[PlyCount "89"]
[EventDate "2018.05.19"]
[EventType "swiss"]
[EventRounds "9"]
[EventCountry "ARG"]
[SourceTitle "CBM 184 Extra"]
[Source "ChessBase"]
[SourceDate "2018.06.28"]
[SourceVersion "1"]
[SourceVersionDate "2018.06.28"]
[SourceQuality "1"]

1. d4 b6 2. c4 Bb7 3. Nc3 e6 4. a3 Nf6 5. d5 exd5 6. cxd5 a5 7. e4 Qe7 8. f3 Na6 9. Bxa6 Bxa6 10. Nge2 Nh5 11. 0-0 g5 12. Be3 Nf4 13. Bd4 f6 14. Qd2 Rg8 15. Nxf4 gxf4 16. Rfe1 Qg7 17. e5 f5 18. e6 Qg5 19. e7 Bg7 20. Bxg7 Rxg7 21. d6 c6 22. Rac1 h5 23. Kh1 h4 24. Rg1 Kf7 25. Ne2 Bxe2 26. Qxe2 Rag8 27. Qf2 Rg6 28. Rcd1 c5 29. b4 Rc8 30. bxa5 bxa5 31. Qa2+ c4 32. h3 Re6 33. Rge1 Qg6 34. Rxe6 Qxe6 35. Qb2 c3 36. Qb7 Re8 37. Qc7 Qb3 38. Rc1 Qxa3 39. Rxc3 Qa1+ 40. Rc1 Qb2 41. Kh2 Rg8 42. Qc4+ Kg6 43. Qd5 Re8 44. Rc5 Qa1 45. Qxf5+ 1-0

[Event "ARG-ch sf 93rd"]
[Site "Buenos Aires"]
[Date "2018.05.19"]
[Round "1"]
[White "Anelli, Antonio"]
[Black "Slipak, Sergio"]
[Result "1/2-1/2"]
[WhiteElo "2076"]
[BlackElo "2444"]
[PlyCount "71"]
[EventDate "2018.05.19"]
[EventType "swiss"]
[EventRounds "9"]
[EventCountry "ARG"]
[SourceTitle "CBM 184 Extra"]
[Source "ChessBase"]
[SourceDate "2018.06.28"]
[SourceVersion "1"]
[SourceVersionDate "2018.06.28"]
[SourceQuality "1"]

1. d4 d5 2. c4 e6 3. Nc3 Bb4 4. e3 c5 5. a3 Bxc3+ 6. bxc3 Nf6 7. cxd5 exd5 8. Bd3 0-0 9. Ne2 b6 10. 0-0 Ba6 11. Bxa6 Nxa6 12. Qd3 Nc7 13. c4 dxc4 14. Qxc4 Ne6 15. dxc5 Rc8 16. c6 Qd6 17. Bb2 Rxc6 18. Qa4 Qc7 19. Rfc1 Nc5 20. Qd1 Rd6 21. Nd4 Qd7 22. a4 Rd5 23. a5 h5 24. axb6 axb6 25. Qe2 Re8 26. Rd1 Na4 27. Qc2 b5 28. h3 Ne4 29. Nf3 Nxb2 30. Rxd5 Qxd5 31. Qxb2 Rb8 32. Qb4 Qc4 33. Rb1 Qc2 34. Rf1 Qc4 35. Rb1 Qc2 36. Rf1 1/2-1/2

[Event "ARG-ch sf 92nd"]
[Site "Buenos Aires"]
[Date "2017.07.17"]
[Round "9.15"]
[White "Anelli, Antonio"]
[Black "Munoz, Francisco Javier"]
[Result "0-1"]
[WhiteElo "2106"]
[BlackElo "2278"]
[PlyCount "70"]
[EventDate "2017.07.10"]
[EventType "swiss"]
[EventRounds "9"]
[EventCountry "ARG"]
[SourceTitle "EXT 2018"]
[Source "ChessBase"]
[SourceDate "2017.10.13"]
[SourceVersion "1"]
[SourceVersionDate "2017.10.13"]
[SourceQuality "1"]

1. c4 c6 2. d4 d5 3. Nf3 Nf6 4. e3 Bg4 5. Nc3 e6 6. h3 Bh5 7. Bd3 Nbd7 8. 0-0 Bd6 9. b3 0-0 10. Bb2 e5 11. cxd5 exd4 12. exd4 Nxd5 13. Nxd5 cxd5 14. g4 Bg6 15. Bxg6 fxg6 16. Ne5 Nf6 17. f3 Ne8 18. Kg2 g5 19. Qd3 Nc7 20. Rad1 Rc8 21. Bc3 Ne6 22. Bd2 a6 23. Rf2 Bb4 24. Be3 Bd6 25. Qd2 Qe7 26. Nd3 Qf6 27. Qa5 Nc7 28. f4 Qe7 29. Qd2 Qe4+ 30. Kg3 gxf4+ 31. Bxf4 Rxf4 32. Nxf4 g5 33. h4 Ne6 34. hxg5 Nxf4 35. Rxf4 Bxf4+ 0-1

[Event "ARG-ch sf 92nd"]
[Site "Buenos Aires"]
[Date "2017.07.16"]
[Round "8.24"]
[White "Anelli, Antonio"]
[Black "Aberbach Peltzman, Angel Sergio"]
[Result "1-0"]
[WhiteElo "2106"]
[BlackElo "1950"]
[PlyCount "81"]
[EventDate "2017.07.10"]
[EventType "swiss"]
[EventRounds "9"]
[EventCountry "ARG"]
[SourceTitle "EXT 2018"]
[Source "ChessBase"]
[SourceDate "2017.10.13"]
[SourceVersion "1"]
[SourceVersionDate "2017.10.13"]
[SourceQuality "1"]

1. c4 g6 2. Nf3 Bg7 3. d4 d6 4. g3 Nf6 5. Bg2 0-0 6. 0-0 c5 7. Nc3 Na6 8. Re1 cxd4 9. Nxd4 Nc5 10. b3 a6 11. Bb2 Rb8 12. Qd2 Bd7 13. Rac1 Ne6 14. Nc2 b5 15. cxb5 axb5 16. Nb4 Qa5 17. Nb1 Rfc8 18. Bxf6 Bxf6 19. Nd5 Qxd2 20. Nxf6+ exf6 21. Nxd2 Kf8 22. Ne4 Ke7 23. Nc3 Bc6 24. Bxc6 Rxc6 25. Nd5+ Kd7 26. Nxf6+ Kc7 27. Rxc6+ Kxc6 28. Rc1+ Kb7 29. Nxh7 Nd4 30. Kg2 Nxe2 31. Re1 Nc3 32. Re7+ Kb6 33. Rxf7 Nxa2 34. Nf6 Rb7 35. Nd5+ Kc6 36. Rxb7 Kxb7 37. Kf3 Kc6 38. Ke4 Kc5 39. h4 b4 40. Nf4 Nc1 41. Nd3+ 1-0

[Event "Villa Martelli zt 2.5"]
[Site "Villa Martelli"]
[Date "2017.05.06"]
[Round "7"]
[White "Heinechen, John"]
[Black "Anelli, Antonio"]
[Result "1-0"]
[WhiteElo "1938"]
[BlackElo "2120"]
[PlyCount "53"]
[EventDate "2017.04.30"]
[EventType "swiss"]
[EventRounds "9"]
[EventCountry "ARG"]
[SourceTitle "CBM 178 Extra"]
[Source "ChessBase"]
[SourceDate "2017.06.22"]
[SourceVersion "1"]
[SourceVersionDate "2017.06.22"]
[SourceQuality "1"]

1. e4 c5 2. Nf3 e6 3. d4 cxd4 4. Nxd4 Nc6 5. Nc3 Qc7 6. Nb3 a6 7. Bd3 b5 8. a3 Nf6 9. 0-0 Bb7 10. f4 d6 11. Qf3 Be7 12. Bd2 b4 13. axb4 Nxb4 14. Na5 0-0 15. Nxb7 Qxb7 16. f5 e5 17. g4 Rfc8 18. g5 Nd7 19. f6 gxf6 20. Nd5 Nxd5 21. exd5 Qb6+ 22. Be3 Qd8 23. Ra4 e4 24. Rxe4 Kh8 25. Rh4 Qg8 26. Rxh7+ Qxh7 27. Bxh7 1-0

[Event "Villa Martelli zt 2.5"]
[Site "Villa Martelli"]
[Date "2017.05.04"]
[Round "6"]
[White "Anelli, Antonio"]
[Black "Vergara Jofre, Felipe Andres"]
[Result "0-1"]
[WhiteElo "2120"]
[BlackElo "2244"]
[PlyCount "43"]
[EventDate "2017.04.30"]
[EventType "swiss"]
[EventRounds "9"]
[EventCountry "ARG"]
[SourceTitle "CBM 178 Extra"]
[Source "ChessBase"]
[SourceDate "2017.06.22"]
[SourceVersion "1"]
[SourceVersionDate "2017.06.22"]
[SourceQuality "1"]

1. d4 Nf6 2. c4 e6 3. Nc3 Bb4 4. e3 0-0 5. Nge2 c6 6. a3 Ba5 7. b4 Bc7 8. Ng3 d5 9. cxd5 cxd5 10. Bd3 e5 11. dxe5 Bxe5 12. Bb2 Nc6 13. 0-0 Bg4 14. f3 d4 15. Na4 Be6 16. e4 Qd6 17. Qe1 h5 18. Kh1 b6 19. Bc1 Bf4 20. Nb2 Rac8 21. Ba6 Bxc1 22. Rxc1 0-1

[Event "Villa Martelli zt 2.5"]
[Site "Villa Martelli"]
[Date "2017.05.04"]
[Round "5"]
[White "Salvatti, Diego"]
[Black "Anelli, Antonio"]
[Result "0-1"]
[WhiteElo "2026"]
[BlackElo "2120"]
[PlyCount "114"]
[EventDate "2017.04.30"]
[EventType "swiss"]
[EventRounds "9"]
[EventCountry "ARG"]
[SourceTitle "CBM 178 Extra"]
[Source "ChessBase"]
[SourceDate "2017.06.22"]
[SourceVersion "1"]
[SourceVersionDate "2017.06.22"]
[SourceQuality "1"]

1. d4 Nf6 2. Bf4 g6 3. Nf3 Bg7 4. e3 d6 5. h3 0-0 6. Be2 b6 7. 0-0 Bb7 8. c4 Nbd7 9. Nc3 Re8 10. Bh2 e5 11. b4 Ne4 12. Nxe4 Bxe4 13. Rc1 a5 14. a3 axb4 15. axb4 Ra2 16. d5 Bxf3 17. Bxf3 e4 18. Be2 Qe7 19. Rc2 Rea8 20. Qd2 Ra1 21. Rfc1 h6 22. Bg3 Rxc1+ 23. Rxc1 Ra4 24. Kh2 Be5 25. Bd1 Bxg3+ 26. fxg3 Ra3 27. Rc3 Ra1 28. Rc1 Qe5 29. Rxa1 Qxa1 30. g4 Kg7 31. Qd4+ Qxd4 32. exd4 f5 33. Kg3 Kf6 34. h4 Nb8 35. gxf5 gxf5 36. b5 Nd7 37. Kf4 Kg6 38. h5+ Kf6 39. g4 Nf8 40. gxf5 e3 41. c5 Nd7 42. c6 Nf8 43. Bf3 Nh7 44. Bg4 Nf8 45. Kxe3 Kg5 46. Bd1 Nh7 47. Bc2 Nf6 48. Be4 Nxh5 49. Bc2 Nf6 50. Kf3 Nxd5 51. Kg3 Ne3 52. f6 Kxf6 53. Bd3 Nf5+ 54. Kg4 Nxd4 55. Kh5 Ke5 56. Kxh6 Kd5 57. Kg5 Kc5 0-1

[Event "Villa Martelli zt 2.5"]
[Site "Villa Martelli"]
[Date "2017.04.30"]
[Round "1"]
[White "Sosa, Tomas Sebastian"]
[Black "Anelli, Antonio"]
[Result "1-0"]
[WhiteElo "2467"]
[BlackElo "2120"]
[PlyCount "103"]
[EventDate "2017.04.30"]
[EventType "swiss"]
[EventRounds "9"]
[EventCountry "ARG"]
[SourceTitle "CBM 178 Extra"]
[Source "ChessBase"]
[SourceDate "2017.06.22"]
[SourceVersion "1"]
[SourceVersionDate "2017.06.22"]
[SourceQuality "1"]

1. e4 e5 2. Nf3 Nc6 3. Bb5 a6 4. Ba4 Nf6 5. 0-0 Nxe4 6. d4 Be7 7. Re1 b5 8. Bb3 d5 9. dxe5 Be6 10. c3 0-0 11. Nbd2 Nc5 12. Nd4 Nxd4 13. cxd4 Nxb3 14. Nxb3 c6 15. Bd2 a5 16. Rc1 a4 17. Nc5 Bxc5 18. Rxc5 Qh4 19. Be3 Bd7 20. Qd2 Rae8 21. Bg5 Qh5 22. Rc3 f6 23. Bf4 f5 24. Ra3 Re6 25. b3 axb3 26. axb3 h6 27. Ra7 Bc8 28. Re3 Rf7 29. Ra8 Rf8 30. Rh3 Qf7 31. Rg3 Kh7 32. Qa5 g5 33. Bc1 f4 34. Rc3 Kg8 35. f3 Qe8 36. Qb6 Qd8 37. Qb8 Rfe8 38. Ra7 Bd7 39. Qb7 R6e7 40. Ba3 Rf7 41. Rxc6 Be6 42. Qa6 Rxa7 43. Qxa7 Qa8 44. Rxe6 Qxa7 45. Rxe8+ Kf7 46. Re7+ Qxe7 47. Bxe7 Kxe7 48. g3 fxg3 49. hxg3 Ke6 50. Kg2 Kf5 51. Kh3 b4 52. f4 1-0

[Event "Buenos Aires La Porta Cup-A"]
[Site "Buenos Aires"]
[Date "2017.03.26"]
[Round "4"]
[White "Anelli, Antonio"]
[Black "Salinas Herrera, Pablo Patricio"]
[Result "0-1"]
[WhiteElo "2101"]
[BlackElo "2464"]
[PlyCount "80"]
[EventDate "2017.03.25"]
[EventType "swiss"]
[EventRounds "9"]
[EventCountry "ARG"]
[SourceTitle "CBM 177 Extra"]
[Source "ChessBase"]
[SourceDate "2017.04.27"]
[SourceVersion "1"]
[SourceVersionDate "2017.04.27"]
[SourceQuality "1"]

1. d4 d5 2. c4 c6 3. Nf3 Nf6 4. Nc3 e6 5. cxd5 exd5 6. Bf4 Bd6 7. Bg3 0-0 8. e3 Bf5 9. Bd3 Bxd3 10. Qxd3 Re8 11. Bxd6 Qxd6 12. 0-0 Nbd7 13. Rab1 a5 14. Rbc1 Re7 15. Qc2 g6 16. Na4 Ne4 17. Nc5 Nf8 18. Qb3 Qb8 19. Rc2 Nd6 20. Nd2 h5 21. Rfc1 Kh8 22. Qd3 Qe8 23. b3 Nh7 24. Nf3 f6 25. Qd2 g5 26. g3 Qc8 27. Qd1 Kg7 28. Nd2 Qe8 29. Qf3 Qg6 30. Qe2 Nf5 31. Qd3 g4 32. Qf1 Ng5 33. Nd3 h4 34. Nf4 Qh7 35. Qg2 hxg3 36. hxg3 Rh8 37. Nxd5 cxd5 38. Rc7 Kg6 39. Rc8 Rxc8 40. Rxc8 Nxd4 0-1

[Event "Latin Cup-A 6th"]
[Site "Buenos Aires"]
[Date "2015.03.20"]
[Round "2"]
[White "Elias, Roberto"]
[Black "Anelli, Antonio"]
[Result "0-1"]
[WhiteElo "1845"]
[BlackElo "2060"]
[PlyCount "34"]
[EventDate "2015.03.19"]
[EventType "swiss"]
[EventRounds "9"]
[EventCountry "ARG"]
[SourceTitle "CBM 165 Extra"]
[Source "ChessBase"]
[SourceDate "2015.04.21"]
[SourceVersion "1"]
[SourceVersionDate "2015.04.21"]
[SourceQuality "1"]

1. c4 Nf6 2. Nc3 c5 3. g3 g6 4. Bg2 Bg7 5. e4 Nc6 6. Nge2 0-0 7. 0-0 Ne8 8. d3 Nc7 9. f4 Ne6 10. f5 Ned4 11. Bg5 Nxe2+ 12. Qxe2 h6 13. Be3 d6 14. Qd2 g5 15. h4 f6 16. Bf3 Bd7 17. Kh1 Nd4 0-1

[Event "Buenos Aires La Porta Cup"]
[Site "Buenos Aires"]
[Date "2014.12.18"]
[Round "6"]
[White "Anelli, Antonio"]
[Black "Slipak, Sergio"]
[Result "0-1"]
[WhiteElo "2111"]
[BlackElo "2433"]
[PlyCount "30"]
[EventDate "2014.12.13"]
[EventType "swiss"]
[EventRounds "9"]
[EventCountry "ARG"]
[SourceTitle "EXT 2016"]
[Source "ChessBase"]
[SourceDate "2015.10.08"]
[SourceVersion "1"]
[SourceVersionDate "2015.10.08"]
[SourceQuality "1"]

1. c4 e6 2. d4 Nf6 3. e3 d5 4. Be2 Be7 5. Nf3 0-0 6. 0-0 a5 7. Nc3 dxc4 8. Ne5 Nc6 9. Nxc6 bxc6 10. Bxc4 Rb8 11. Be2 Nd5 12. Qa4 Nf6 13. a3 Bd7 14. Qd1 Qc8 15. Qc2 Qb7 0-1

[Event "Villa Martelli op-A 21st"]
[Site "Villa Martelli"]
[Date "2014.11.16"]
[Round "9"]
[White "Anelli, Antonio"]
[Black "Torres, Federico"]
[Result "0-1"]
[WhiteElo "2124"]
[BlackElo "2171"]
[PlyCount "40"]
[EventDate "2014.11.07"]
[EventType "swiss"]
[EventRounds "9"]
[EventCountry "ARG"]
[SourceTitle "EXT 2016"]
[Source "ChessBase"]
[SourceDate "2015.10.08"]
[SourceVersion "1"]
[SourceVersionDate "2015.10.08"]
[SourceQuality "1"]

1. d4 d6 2. e4 Nf6 3. f3 c6 4. c4 e5 5. Nc3 Nbd7 6. Be3 Be7 7. d5 Qc7 8. Bd3 h6 9. Qd2 Nf8 10. Nge2 a6 11. 0-0 g5 12. g3 Ng6 13. Bc2 Bh3 14. Rfc1 Nf4 15. Bf2 Rg8 16. Qe3 Qc8 17. Na4 Bf1 18. Rxf1 Qh3 19. Nxf4 gxf4 20. Qe1 Ng4 0-1

[Event "Villa Martelli op-A 21st"]
[Site "Villa Martelli"]
[Date "2014.11.07"]
[Round "1"]
[White "Anelli, Antonio"]
[Black "Slipak, Sergio"]
[Result "0-1"]
[WhiteElo "2124"]
[BlackElo "2426"]
[PlyCount "67"]
[EventDate "2014.11.07"]
[EventType "swiss"]
[EventRounds "9"]
[EventCountry "ARG"]
[SourceTitle "CBM 163 Extra"]
[Source "ChessBase"]
[SourceDate "2014.12.23"]
[SourceVersion "1"]
[SourceVersionDate "2014.12.23"]
[SourceQuality "1"]

1. b3 d5 2. Bb2 Bg4 3. g3 c6 4. Bg2 Nd7 5. Nf3 Bxf3 6. Bxf3 e5 7. 0-0 Bd6 8. Bg2 Ne7 9. d3 0-0 10. e4 d4 11. f4 c5 12. a4 Nc6 13. Bh3 Ndb8 14. Na3 Na6 15. Bc1 Nab4 16. Bd2 a6 17. Nc4 Bc7 18. Bxb4 cxb4 19. Qg4 exf4 20. gxf4 f5 21. exf5 Ne7 22. Qf3 Nd5 23. Qe4 Ne3 24. Nxe3 dxe3 25. Kh1 Re8 26. Qf3 e2 27. Rfe1 Qd4 28. Rab1 Qxf4 29. Qxf4 Bxf4 30. Bg4 Rac8 31. Rxe2 Rxe2 32. Bxe2 Rxc2 33. Re1 Kf7 34. Bf3 0-1

[Event "Buenos Aires Benko Memorial op"]
[Site "Buenos Aires"]
[Date "2010.02.18"]
[Round "5"]
[White "Anaya, Mario Manuel"]
[Black "Anelli, Antonio"]
[Result "1/2-1/2"]
[WhiteElo "1957"]
[BlackElo "2193"]
[PlyCount "55"]
[EventDate "2010.02.08"]
[EventType "swiss"]
[EventRounds "9"]
[EventCountry "ARG"]
[SourceTitle "CBM 135 Extra"]
[Source "ChessBase"]
[SourceDate "2010.05.04"]
[SourceVersion "1"]
[SourceVersionDate "2010.05.04"]
[SourceQuality "1"]

1. c4 e5 2. Nc3 Nc6 3. d3 f5 4. Nf3 Nf6 5. g3 d6 6. Bg2 g6 7. 0-0 Bg7 8. Rb1 0-0 9. b4 Nh5 10. Bg5 Bf6 11. Bxf6 Qxf6 12. Nd5 Qg7 13. b5 Nd8 14. Qa4 Ne6 15. Qa5 b6 16. Qd2 a5 17. Ng5 Rb8 18. Nxe6 Bxe6 19. f4 Kh8 20. Kh1 Rbc8 21. Bf3 Nf6 22. Nxf6 Qxf6 23. fxe5 dxe5 24. c5 Rcd8 25. cxb6 cxb6 26. Rbc1 e4 27. Bxe4 Qe5 28. Bg2 1/2-1/2

[Event "Villa Ballester Verano op 60th"]
[Site "Villa Ballester"]
[Date "2010.01.29"]
[Round "7"]
[White "Anelli, Antonio"]
[Black "Guerrero, Alvaro"]
[Result "1/2-1/2"]
[WhiteElo "2188"]
[BlackElo "2225"]
[PlyCount "60"]
[EventDate "2010.01.20"]
[EventType "swiss"]
[EventRounds "9"]
[EventCountry "ARG"]
[SourceTitle "CBM 134 Extra"]
[Source "ChessBase"]
[SourceDate "2010.03.03"]
[SourceVersion "1"]
[SourceVersionDate "2010.03.03"]
[SourceQuality "1"]

1. c4 Nf6 2. Nc3 g6 3. e4 d6 4. d4 Bg7 5. f3 0-0 6. Be3 Nc6 7. Nge2 a6 8. Qd2 Rb8 9. a3 Na5 10. Nc1 c5 11. d5 Qc7 12. Bh6 Bd7 13. Bxg7 Kxg7 14. a4 e5 15. Bd3 Nh5 16. N3e2 Qd8 17. g4 Nf6 18. Ng3 Qb6 19. Qc3 Qb4 20. Qxb4 cxb4 21. b3 b6 22. h4 h6 23. Bc2 Nb7 24. Nd3 a5 25. h5 Nc5 26. 0-0-0 Nh7 27. Nxc5 dxc5 28. Kd2 Ng5 29. Ke3 Nh7 30. Rd2 g5 1/2-1/2

[Event "Villa Ballester Verano op 60th"]
[Site "Villa Ballester"]
[Date "2010.01.23"]
[Round "3"]
[White "Anelli, Antonio"]
[Black "Conde, Adrian"]
[Result "1-0"]
[WhiteElo "2188"]
[BlackElo "2067"]
[PlyCount "73"]
[EventDate "2010.01.20"]
[EventType "swiss"]
[EventRounds "9"]
[EventCountry "ARG"]
[SourceTitle "CBM 134 Extra"]
[Source "ChessBase"]
[SourceDate "2010.03.03"]
[SourceVersion "1"]
[SourceVersionDate "2010.03.03"]
[SourceQuality "1"]

1. c4 Nf6 2. Nc3 g6 3. e4 d6 4. d4 Bg7 5. f3 0-0 6. Be3 e5 7. d5 c6 8. Qd2 Re8 9. dxc6 Nxc6 10. 0-0-0 Be6 11. Kb1 Na5 12. b3 Bf8 13. Nd5 Bxd5 14. cxd5 Rc8 15. Bd3 a6 16. Ne2 b5 17. Rc1 Nb7 18. b4 Qd7 19. Rxc8 Rxc8 20. Rc1 Ne8 21. Rxc8 Qxc8 22. Qc3 Qd7 23. a4 f5 24. Qc6 Qf7 25. Nc3 fxe4 26. fxe4 Nf6 27. Be2 h5 28. h3 h4 29. a5 Nh5 30. Qxa6 Nf4 31. Bf3 Nxh3 32. Qxb5 g5 33. Bg4 Nf4 34. a6 Nc5 35. bxc5 dxc5 36. Qd7 Qg6 37. Bxf4 1-0